Дъщерята на Аушвиц (Запис номер 517187)
[ съкратено ]
| 000 -Лидер | |
|---|---|
| Лидер | 01623nam a2200385 a 4500 |
| 003 - Код на организацията, давaща контролен номер | |
| Код на организацията, даваща контролен номер | BLK |
| 005 - Дата и час на последна редакция | |
| Дата и час на последна редакция | 20250425114324.0 |
| 008 - Елементи от данни с фиксирана дължина | |
| Елементи с фиксирана дължина | 180409b bul|||||r ||||||| ||bul|| |
| 010 ## - Наследен системен номер | |
| LC control number | KNG00132563000 |
| 020 ## - Международен стандартен номер на книга ISBN | |
| ISBN | 9786192433024 |
| 040 ## - Източник на каталожния запис | |
| Код на библиотеката | BLK |
| 041 ## - Код за език | |
| Език | Български |
| Език за КДБФ | Български |
| 080 ## - УДК | |
| УДК текст | Втора световна война |
| УДК код | 94(100)"1939/1945" |
| УДК – код + определител | 94(100)"1939/1945" |
| 9 (RLIN) | 392356 |
| 084 ## - Класификационен индекс по друга класификация | |
| Авторски знак | Фри - Ф 83 |
| 100 ## - Редна дума - Автор | |
| Автор | Фридман, Това |
| R(LIN) | 494614 |
| 245 ## - Сведения за заглавието | |
| Заглавие | Дъщерята на Аушвиц |
| Авторска отговорност | Това Фридман, Малкълм Брабант ; прев. от англ. Елена Кодинова |
| 260 ## - Област на издателските данни | |
| Място на издаване | София |
| Име на издателя | Прозорец |
| Година на издаване | 2024 |
| 9 (RLIN) | 209461 |
| 300 ## - Физическа характеристика | |
| Брой страници | 304 с. |
| Размер | 22 см |
| 380 ## - Жанр | |
| Жанр | История |
| 500 ## - Общи забележки | |
| Обща забележка | Ориг. загл.: The daughter of Auschwitz / Tova Friedman, Malcolm Brabant. - Загл. в изд. каре: Дъщерята на "Аушвиц". - Биогр. данни за авт. отбелязани на гърба на кор. |
| 650 #4 - Допълнително описание по предмет – тема | |
| Предметна рубрика | Концентрационни лагери |
| 9 (RLIN) | 265874 |
| 650 #4 - Допълнително описание по предмет – тема | |
| Предметна рубрика | Втора световна война - жестокости |
| 9 (RLIN) | 265154 |
| 653 ## - Ключова дума – ненормативна | |
| Ключови думи | концлагеристи |
| 653 ## - Ключова дума – ненормативна | |
| Ключови думи | концентрационни лагери |
| 700 ## - Други автори (авторска отговорност) | |
| Друг автор | Брабант, Малкълм |
| 9 (RLIN) | 494615 |
| 700 ## - Други автори (авторска отговорност) | |
| Друг автор | Кодинова, Елена Любенова |
| Авт. отговорност на др. автор | прев. |
| 9 (RLIN) | 966 |
| 852 ## - Местоположение | |
| Сигнатура (форматна) | Цб 324546 |
| Отдел | Хранилище |
| 856 4# - Електронен адрес и достъп | |
| Електронен формат | pdf - файл |
| 856 4# - Електронен адрес и достъп | |
| Електронен формат | pdf - файл |
| 942 ## - АРТИКУЛИ | |
| Вид на библиотечния документ | Книги |
| Скрит в OPAC | Не |
| Периодичен библиозапис | Да |
| Koha issues (borrowed), all copies | 11 |
| 944 ## - СЪЗДАВАНЕ И РЕДАКЦИЯ на ЗАПИСА | |
| Дата на регистрацията/редакция | Виолета Тройчева |
| Номер на служител | Цветелина Шанова |
| Служител, извършил регистрацията/редакцията | 30531 |
| 999 ## - СИСТЕМНИ КОНТРОЛНИ НОМЕРА | |
| Koha biblionumber | 517187 |
| Koha biblioitemnumber | 517187 |
| 999 ## - СИСТЕМНИ КОНТРОЛНИ НОМЕРА | |
| Koha biblioitemnumber | 517187 |
| 999 ## - СИСТЕМНИ КОНТРОЛНИ НОМЕРА | |
| Koha biblioitemnumber | 517187 |
| Код за отписване | Код за изгубен артикул | Източник на класификационната схема | Код за повреда | Коз за рестрикции | Код за отдаване | Артикулен № | Име на библиотеката - собственик | Име на библиотеката, в която се намира в момента | Статус (Текущо местоположение) | Дата на вписване в системата | Местоположение - отдел | Цена в лева | Инвентарен номер | Систематично азбучна сигнатура | Баркод | Цена в евро | Служебен тип на артикула |
|---|---|---|---|---|---|---|---|---|---|---|---|---|---|---|---|---|---|
| Не е изгубен | Universal Decimal Classification | Не е повреден | само за читалня | ползва се в читалня | 949339 | Регионална библиотека "Любен Каравелов" Русе | Регионална библиотека "Любен Каравелов" Русе | Хранилище | 2024-09-19 | Хранилище | 22.00 | 120000912709 | Цб 324546 | 120000912709 | 11.25 | Книги | |
| Не е изгубен | Universal Decimal Classification | Не е повреден | заемане за дома | 958223 | Регионална библиотека "Любен Каравелов" Русе | Регионална библиотека "Любен Каравелов" Русе | Заемна - подръчен фонд | 2025-01-15 | Заемна - подръчен фонд | 14.30 | 120000916817 | 94(100)"1939/1944"/Ф 83 Т | 120000916817 | 7.31 | Книги | ||
| Не е изгубен | Universal Decimal Classification | Не е повреден | заемане за дома | 958224 | Регионална библиотека "Любен Каравелов" Русе | Регионална библиотека "Любен Каравелов" Русе | Заемна - подръчен фонд | 2025-01-15 | Заемна - подръчен фонд | 14.30 | 120000916816 | 94(100)"1939/1944"/Ф 83 Т | 120000916816 | 7.31 | Книги |